ANIME BY TERRIBLE DESCRIPTION: ULTIMATE - Statistics

General Stats
  • This quiz has been taken 169 times
  • The average score is 28 of 100
Answer Stats
Hint Answer % Correct
Yellow haired kid, loner, and annoying girl learn how to be ninjas from a Gojo ripoff Naruto
93%
Stretchy kid becomes pirates with a green haired guy, two girls, long nose, big guy, reindeer, and more One Piece
93%
Black haired kid tries to get revenge on Michael Jackson after he kills his family Demon Slayer
79%
Three kids live in big walls but monsters attack so they join the army to stop them Attack on Titan
75%
Yellow fast alien is a teacher and students need to kill him Assassination Classroom
69%
Dude gets manipulated by girls even though he has a chainsaw as a head and a cute pet Chainsaw Man
68%
Bald guy with superpowers teams up with a robot and an old guy to fight a spiky haired guy One Punch Man
68%
Blue haired kid plays soccer Blue Lock
67%
Brown haired kid writes in a book and a black haired white t shirt kid tries to stop him Death Note
67%
Gojo ripoff is in a train station with kids and he is a ghoul Tokyo Ghoul
67%
Glasses kid and girl argue about monsters and ghosts Dandadan
63%
Orange haired kid has a crush on black haired girl and they fight monsters Bleach
62%
Tiny kid with a robotic arm and a robot fight sins Fullmetal Alchemist
62%
Orange haired kid plays volleyball Haikyu
62%
Kids teleport into a video game to fight bad guys…yawn… Sword Art Online
61%
Pink haired kid fights himself with Kakashi ripoff and a black haired kid and- WAIT THIS IS A RIPOFF OF NARUTO Jujutsu Kaisen
58%
Firefighters fight supernatural monsters Fire Force
56%
Vikings vike while being vikey Vinland Saga
54%
Kid spins a toy and is in a competition.(it was made because of merch appeal) Beyblade
52%
Zzz…OH UH green haired spiky kid amd white haired kid fight a flashy star and stuff Hunter X Hunter
50%
Furry anime with animals and an unironically great intro Beastars
49%
Kid barely survives an event and starts leveling up Solo Leveling
49%
Kids wake up from 3000 years where they were stone and they fight rivals Dr. Stone
46%
Cool smoker guy is a space pirate Cowboy Bebop
44%
People are Made In Abyss Made in Abyss
43%
People pretend to be a family but fhey actually are spies(yeah ik it’s obvious) Spy X Family
42%
Elf fights demon with friends Frieren
39%
Kid kidnaps monsters to fight two twins who are evil Pokemon
38%
Prince wants to take over a kingdom Code Geass
35%
Pig and yellow haired kid and stuff do bad stuff with a questionable love story and I HATE THIS Seven Deadly Sins
35%
Blue haired kid plays basketball Kuroko’s Basketball
34%
Person turns into a slime because…idk bro I’m tired… That Time I Got Reincarnated As A Slime
34%
Dracula and slayers fight in a castle based off of a video game Castlevania
32%
Nice dude with black hair rages over racists Dragon Ball
31%
People go BACK IN TIME TO GET TURKEY OFF THE MENU but cause bad changes Steins;Gate
31%
Grey haired kid wants to learn magic but he’s bad at it Black Clover
30%
Pink haired kid lives in a wacky world and has green glasses Saiki K
30%
Ripoff of above Digimon
29%
Pilots fight machines for humanity Evangellion
29%
Really nice looking food in this mediocre anime, eh? Food Wars
28%
Blue haired kid, glasses dude, and more do wacky shenanigans for TOO MANY EPISODES Gintama
28%
Girls navigate the star life by dancing Oshi No Ko
28%
Really good manga about spirals turned into trash in the anime where the animation is bad Uzumaki
26%
Annoying kid is the son of a previous anime and it’s 99% filler Boruto
25%
Japanese guy is framed for murder who a yellow haired kid actually did Monster
25%
Brother and sister try to get their mom back to life. Erased
24%
Black haired kid and a scammer fight ghosts Mob Psycho 100
24%
Annoying unfunny loser rents a girlfriend cuz he’s such a LOSER Rent A Girlfriend
24%
(It’s not an anime but whatever) Downvote Caillou and a girl and boy have magical powers Avatar
23%
Lovers try to one up each other in wacky ways Kaguya Sama
22%
Kid with green hair goes to school after he eats hair from his superhero dad basically My Hero Acadamia
22%
Orphans try to escape the orphanage(ignore season 2 it’s not canon) Promised Neverland
22%
Yellow haired girl can be a superhero at any time with a cat Sailor Moon
22%
Slayer slays slay goblins while slaying. Slayy!(I actually am so annoyed with myself) Goblin Slayer
21%
People go to a paradise after getting sent to jail but it’s actually bad Hell’s Paradise
21%
People can become animals but they don’t really use that premise too much Fruits Basket
20%
Guy with a black hat is in a family but a random yellow haired guy ruins stuff Jojo’s Bizarre Adventure
20%
Kid works in a bath house to make her parents become human again Spirited Away
20%
Generic people go on generic adventures and stuff in a magic land…how many more left? 31?! Whatever… Fairy Tail
19%
Be serious. A child and his brother navigate problems of WW2. Absolutely devastating. Grave of the Fireflies
18%
Yellow haired kid plays cards Yu Gi Oh
18%
Black haired guy whose mom died screams over a white haired gay guy over a purple egg. Berserk
16%
TOILET…BWAHAHA TOILET SO FUNNY! Oh yeah it’s about a black haired kid with a hat Toilet Bound
16%
Kid goes on a motorcycle after Japan gets nuked and Bart is involved(yes, the one from the Simpsons) Akira
15%
Kid goes to a school where apparently everyone gets a good job from it Classroom of the Elite
15%
Mechas fight in cool ways Gundam
15%
Ok, now a good one! A bunch of kids investigate the death of their student mate. Tokyo Revengers
15%
Kid becomes old and meets Christian Bale Howl’s Moving Castle
14%
Death Note ripoff where people die when someone writes in a diary Future Diary
13%
Ok finally, a pallet cleanser. Guy is a wrestler after learning from his idol Hajime no Ippo
13%
Friends fight an evil king Gurren Lagann
12%
Girl can’t talk and a kid befriends her and a pink haired…idk what gender helps them Komi Can’t Communicate
11%
Girl is traumatized after she leaves a K-Pop group to join a scary movie and she gets haunted by herself and stalkers Perfect Blue
10%
FINALLY WE’RE DONE WOO HOO! Gangster raises kid and stuff but WHO CARES IT’S OVER YAY Banana Fish
9%
Guy gets captured by pirates and leaves his boring job Black Lagoon
9%
Kid tries to find out why her dad died Kill la Kill
9%
Game ends but a kid doesn’t want it to | Kid goes into another video game and tries to restore balance to the world Overlord
9%
A lot of series where BILL CLINTON MENTIONED where people fight Fate
7%
Kid tries to live in a future world with robots based on a mid to peak video game Cyberpunk Edgerunners
6%
Girl with black makeup fights robots after an apocalypse Ergo Proxy
6%
Warrior with robotic arms travels Japan to fight demons Dororo
5%
After dying, a kid becomes a demon High School DxD
5%
Lovable monster befriends little kids after their mom is sick(very wholesome) Totoro
5%
Detective tries to search for evidence in a murder with robots Pluto
4%
Kid can’t beat a very hard VR game Shangri La Frontier
4%
Girl falls in love with a villainess I’m In Love With The Villainess
3%
Red haired kid tries to find kids Spiral
3%
Cosplayer and a guy meet and become friends but the anime sucks Dress Up Darling
2%
Attack on Titan ripoff about a group of kids fighting monsters Kaiju No 8
2%
Cards fall from the sky and kids get them Bakugan
1%
THREE BACK TO BACK? Girl joins circus after her mom dies…and…dogs…why… Shojo Tsubaki
1%
Kid learns how to write with a violin kid. Hey, these movies are pretty great! What else did this studio ma- Whisper of the Heart
1%
THIS IS THE MOST WORTHLESS, EVIL SOUL SUCKING EXPERIENCES EVER. THIS MOVIE IS SO BAD. I HATE IT IT’S SO TRASH OML ITS EARWIG THATS IT JEEZ Earwig and the Witch
0%
Ugly kid learns how to dance Inu-Oh
0%
Blue slimes and stuff and outrageously long title…I’m sleepy…ZZZ… I’ve Been Killing Slimes For 3000 Years And Maxed Out My Level
0%
During a war people rise to power Legend of the Galactic Heroes
0%
Kid has mechanized arms and stuff at school Mechanical Arms
0%
Robot fights monsters are retiring. He becomes cool Ultraman: Rising
0%
Wolves try to find paradise after the apocalypse no one cares Wolf’s Rain
0%
No matching quizzes found
Score Distribution
Percent of People with Each Score
Percentile by Number Answered
Your Score History
You have not taken this quiz